Označování potravin : mnoho cenných informací pro spotřebitele? /

Hlavní autor: Chýlková, Markéta
Jazyk: Čeština
Vydáno: Praha : Potravinářská komora České republiky, Česká technologická platforma pro potraviny, 2013
Vydání: 1. vyd.
Témata:
Fyzický popis: 37 s. : barev. il. ; 30 cm
Knihy
Uloženo v:
LEADER 01507nam a2200397 a 4500
001 nkc20132466737
003 CZ PrNK
005 20130802142408.0
007 ta
008 130610s2013 xr a e 000 0 cze
015 |a cnb002466737 
020 |a 978-80-905096-4-1  |q (Potravinářská komora ČR :  |q brož.) 
035 |a (OCoLC)855464923 
040 |a OLA001  |b cze  |d ABA001 
043 |a e-xr--- 
072 7 |a 366  |x Ochrana spotřebitele. Chování spotřebitele  |2 Konspekt  |9 18 
080 |a 366.64:663/664  |2 MRF 
080 |a (437.3)  |2 MRF 
080 |a (036)  |2 MRF 
100 1 |a Chýlková, Markéta  |7 ola2013768136  |4 aut 
245 1 0 |a Označování potravin :  |b mnoho cenných informací pro spotřebitele? /  |c [Markéta Chýlková] 
246 3 |a Označování potravin - mnoho cenných informací pro spotřebitele? 
250 |a 1. vyd. 
260 |a Praha :  |b Potravinářská komora České republiky, Česká technologická platforma pro potraviny,  |c 2013 
300 |a 37 s. :  |b barev. il. ;  |c 30 cm 
500 |a Název z obálky 
504 |a Obsahuje bibliografické odkazy 
650 0 7 |a označování potravin  |7 ph137717  |z Česko  |2 czenas 
650 0 9 |a food labelling  |z Czechia  |2 eczenas 
655 7 |a informační publikace  |7 fd132454  |2 czenas 
655 9 |a information publications  |2 eczenas 
910 2 |a BOA001  |b 4-1308.214 
990 |a BK 
995 |a 01 
991 |b 201307  |c NOV  |e n 
996 6 |b 2610556117  |c 4-1308.214  |l MZK  |r Sklad / do 1 hodiny  |n 9  |p p.v.  |w 001343411  |u 000010  |a 1  |e BOA001  |j MZK50  |s P